2017 French presidential election candidates - Statistics

General Stats
  • This quiz has been taken 39 times
  • The average score is 6 of 11
Answer Stats
Hint Answer % Correct
24,01% Emmanuel Macron
100%
20,01% François Fillon
59%
21,30% Marine Le Pen
59%
19,58% Jean-Luc Mélenchon
56%
6,36% Benoît Hamon
50%
4,70% Nicolas Dupont-Aignan
50%
1,21% Jean Lassalle
44%
0,64% Nathalie Arthaud
44%
0,92% François Asselineau
38%
1,09% Philippe Poutou
38%
0,18% Jacques Cheminade
31%
No matching quizzes found
Score Distribution
Percent of People with Each Score
Percentile by Number Answered
Your Score History
You have not taken this quiz